Počítačové sítě LAN od A do Z /

Enregistré dans:
Détails bibliographiques
Auteur principal: Schatt, Stan (Auteur)
Format: Livre
Langue:tchèque
Publié: Praha : Grada, 1994
Sujets:
Tags: Ajouter un tag
Pas de tags, Soyez le premier à ajouter un tag!

MARC

LEADER 00000nam a22000003a 4500
001 stu30939
005 20150617225736.4
008 940722s1994----cs------------------cze-d
020 |a 80-85623-76-5 
040 |a STU  |b slo 
041 0 |a cze 
044 |a cs 
080 |a 681.324 
100 1 |a Schatt, Stan  |4 aut 
245 1 |a Počítačové sítě LAN od A do Z /  |c [aut.] Schatt,Stan 
260 |a Praha :  |b Grada,  |c 1994 
300 |a 378 s 
650 7 |a počítačové siete  |2 stusub 
996 |b 284J013104  |c J*90780  |l JJSK  |s A  |a 24  |w stu30939_0001 
996 |b J91676  |c J*91676  |l JJSK  |s A  |a 24  |w stu30939_0002